03745cam a22003615a 4500999001700000001000900017005001700026008004100043010001700084020004300101035002000144040004800164082002100212245010700233246004300340250001300383260003500396300004900431504005100480505171100531520049702242650003702739650004102776651001002817653003902827655001702866700004702883856003602930942000802966952013502974952015503109952011903264 c26851d268231846241320181216123811.0150122t2016 moua frb 001 0 eng d a 2015002959 a9780323287456 (hardcover : alk. paper) a(DNLM)101650054 aDNLM/DLCbengcDLCdDLCdEG-ScBUEdEG-ScBUE04a617.645bMCD22200aMcDonald and Avery's dentistry for the child and adolescent /c[edited by] Jeffrey A. Dean... [et al.]1 aDentistry for the child and adolescent a10th ed. aMissouri :bElsevier,cc.2016. axix, 700 p. :bill. (chiefly col.) ;c29 cm. aIncludes bibliographical references and index.0 aExamination of the mouth and other relevant structures -- Radiographic techniques -- Acquired and developmental disturbances of the teeth and associated oral structures -- Development and morphology of the primary teeth -- Clinical genetics for the dental practitioner -- Child abuse and neglect -- Mechanical and chemotherapeutic home oral hygiene -- Nutritional considerations for the pediatric dental patient -- Dental caries in the child and adolescent -- Pit-and-fissure sealants and preventive resin restorations -- Restorative dentistry -- Dental materials -- Treatment of deep caries, vital pulp exposure, and pulpless teeth -- Gingivitis and periodontal disease -- Local anesthesia and pain control for the child and adolescent -- Nonpharmacologic management of children's behaviors -- Pharmacologic management of patient behavior -- Hospital dental services for children and the use of general anesthesia -- Eruption of the teeth: local, systemic, and congenital factors that influence the process -- Growth of the face and dental arches -- Cephalometrics and facial aesthetics : the key to complete treatment planning -- Managing the developing occlusion -- Multidisciplinary team approach to cleft lip and palate management -- Prosthodontic treatment of the adolescent patient -- Dental problems of children with special health care needs -- Management of the medically compromised patient : hematologic disorders, cancer, hepatitis, and aids -- Management of trauma to the teeth and supporting tissues -- Tumors of the oral soft tissues and cysts and tumors of bone -- Oral surgery for the pediatric patient -- The child in context of the family, community, and society -- Practice management. a"McDonald and Avery's Dentistry for the Child and Adolescent, 10th Edition discusses pediatric examination, development, morphology, eruption of the teeth, and dental caries in depth - and emphasizes prevention and the treatment of the medically compromised patient. Boasting a new design and handy Evolve site, this new edition by Jeffrey A. Dean equips you with the latest diagnostic and treatment recommendations in the fast-growing field of pediatric dentistry"--Publisher's description.  7aDental Care for Children.2BUEsh 7aPediatric Dentistryxmethods.2BUEsh 2BUEsh bDDentcSeptember2018cNovember2018 vReading book1 aDean, Jeffrey A.q(Jeffrey Alan),eeditor.42uhttps://evolve.elsevier.com/cs/ 2ddc 00102ddc40708BaccahaMAINbMAINc1STd2018-09-23ePurchasel4m20o617.645 MCDp000043592r2022-08-24 00:00:00s2020-11-21yBB 00102ddc40708BaccahaMAINbMAINc1STd2018-11-04ePurchaseg1350.00l1m2o617.645 MCDp000043794q2022-10-12r2018-12-25 00:00:00s2018-12-25yBB 00102ddc40708BaccahaMAINbMAINc1STd2018-11-04ePurchasel0o617.645 MCDp000043795r2022-08-24 00:00:00yNB